00565 2200193 4500001002100000005001500021035002000036008003900056245010500095100002300200260004600223084001300269082000700282650001500289250001000304300002700314990001500341990001500356INLIS00000000000462120260429100538 a0010-0125000328260429 | | | 1 aGambaran Kadar Hemoglobin Pada Remaja Putri Di Uptd Puskesmas Kereng Bangkirai /cFatiza Haida Denny aFatiza Haida Denny aPalangka Raya :bPerpustakaan UMPR,c2024 a72 FAT g a72 4aHEMOGLOBIN aCet 1 axviii, 42 hlm :bilus. a2172023951 a2172023951